000 01243naa a2200313 c 4500
001 38688
003 ES-MaCES
005 20150924144634.0
008 090407n2008 sp t 000 | spa d
035 _aCES20090001315v
040 _aES-MaCES
_bspa
_cES-MaCES
100 1 _aKahale Carrillo, Djamil Tony
_915632
245 1 3 _aLa incidencia de la pensión de viudedad en los matrimonios homosexuales
_cDjamil Tony Kahale Carrillo
500 _aResumen
610 1 4 _aEspaña
_tLey por la que se modifica el Código Civil en materia de derecho a contraer matrimonio
_d2005
_93194
610 1 4 _aEspaña
_tLey de medidas en materia de Seguridad Social
_d2007
_92980
650 4 _aEspaña
_926964
650 4 _alegislación de seguridad social
_929855
650 4 _aprestaciones de supervivencia
_929079
650 4 _adiscriminación por razones de sexo
_929521
650 4 _apareja de hecho
_931473
650 4 _arégimen de pensión
_927042
653 1 0 _aJurisprudencia
650 4 _927320
_amatrimonio
773 0 _tRelaciones laborales
_gaño 24, n. 3 (8 feb. 2008){10194 R. 070143}; p. 13-42
_w(ES-MaCES)25210
_943046
902 _aART Artículo de revista
942 _2CES
_cAR
_h6.2.
999 _c38688
_d38688